00759nam a22002057a 450000500170000000800410001702000150005804000210007304100080009408200170010210000280011924501010014726000320024830000100028065000550029065000540034594200120039999900170041195201250042820240624051054.0240624b |||||||| |||| 00| 0 eng d a8189003704 aIN-DiNCcIN-DiNC dasm a371.822bMAH aMahanta, Arpanaeauthor aChandraprabha Saikiani:bswadhinatapurba Asamar stri siksha aru nari jagaran/cby Arpana Mahanta aGuwahati:bAnwesha,c2014p. a180p. aChandraprabha Saikia and issues of women education aSocial mobility of women in pre-independent Assam 2ddccBK c11861d11861 00102ddc40708EDUaMAINbMAINcGENd2024-06-24g133.00l0o371.822 MAHp25852r2024-06-24 05:11:34t1w2024-06-24yBK